000 00684nam a2200205Ii 4500
003 JO-AjNU
008 230605s9999||||xx |||||||||||||| ||und||
040 _aJO-AjNU
_bara
_erda
_cJO-AjNU
041 _aara
050 1 4 _aTX353.F36 2008
100 3 _aمحرر الفقيه ، احمد واخرون,
_eauthor
_931764
245 0 0 _aالبحث العلمي في التغذية والصحة في الاردن
250 _aط1
264 3 1 _aعمان : الدار الاهلية ، 2008
300 _a166ص
336 _atext
_btxt
_2rdacontent
337 _aunmediated
_bn
_2rdamedia
338 _avolume
_bnc
_2rdacarrier
650 4 _aالتغذيه-الصحة-الاردن
_931765
999 _aA12742
_c16310
_d16310